00896nam a22002057a 450000500170000001000150001702000270003203500130005903700130007208200080008510000170009324501260011026000300023627000680026630000250033450000520035950502140041152000590062570000060068420140731115044.0 aENG-110059 a9789380607511c1250.00 aEN-93592 bDBAD/PUB a954 aIqbal Husain aStudies in polity, economy and society of the trans-Gangetic Valley :cby Iqbal Husainbfifteenth-nineteenth centuries / aDelhibPrimus Booksc2013 aVirat Bhavan, Mukherjee Nagar Commercial ComplexbDelhie110009 axxiv,432p.c25cm(Hb) a Includes bibliographical references and index. apt. 1. Religion, ideology and education -- pt. 2. Documents and newsletters -- pt. 3. Historiography and local histories -- pt. 4. Diplomatic and archaeology -- pt. 5. Afghan settlements -- pt. 6. Biographies. a Papers presented at various seminars and conferences. a